Top 100 NFL Receiving yards leaders of all time - Statistics

General Stats
  • This quiz has been taken 240 times
  • The average score is 51 of 100
Answer Stats
Rank Team known for Yards Answer % Correct
1 49ers 22,895 Jerry Rice
100%
2 Cardinals 17,492 Larry Fitzgerald
98%
4 Vikings 15,292 Randy Moss
97%
11 Texans 14,185 Andre Johnson
93%
32 Lions 11,619 Calvin Johnson
93%
37 Bengals 11,059 Chad Johnson
93%
25 Jaguars 12,287 Jimmy Smith
93%
43 Bucs 10,571 Keyshawn Johnson
93%
34 Broncos 11,389 Rod Smith
93%
8 Panthers 14,731 Steve Smith
93%
9 Colts 14,580 Marvin Harrison
92%
24 Steelers 12,291 Antonio Brown
91%
7 Raiders 14,934 Tim Brown
91%
45 Redskins 10,283 Santana Moss
90%
17 Falcons 13,330 Julio Jones
88%
6 Chiefs 15,127 Tony Gonzalez
87%
48 Falcons 10,205 Andre Rison
86%
3 49ers 15,934 Terrell Owens
86%
13 Vikings 13,899 Cris Carter
81%
19 Seahawks 13,089 Steve Largent
80%
60 Patriots 9,286 Rob Gronkowski
77%
30 Chargers 11,841 Antonio Gates
76%
5 Rams 15,208 Isaac Bruce
76%
10 Colts 14,345 Reggie Wayne
76%
54 Broncos 9,763 Demaryius Thomas
75%
16 Rams 13,382 Torry Holt
75%
29 Cowboys 11,904 Michael Irvin
73%
59 Bucs 9,301 Mike Evans
73%
53 Titans 9,831 Drew Hill
71%
18 Bills 13,198 Andre Reed
69%
87 Chargers 8,535 Keenan Allen
69%
36 Eagles 11,110 DeSean Jackson
68%
44 Rams 10,372 Harold Jackson
68%
68 Chiefs 9,006 Travis Kelce
68%
66 Bucs 9,080 Vincent Jackson
68%
42 Texans 10,581 DeAndre Hopkins
67%
85 Packers 8,587 Jordy Nelson
67%
50 Broncos 10,060 Shannon Sharpe
67%
46 Bengals 10,278 AJ Green
66%
73 Cardinals 8,965 Roy Green
66%
27 Steelers 12,083 Hines Ward
65%
52 Patriots 9,924 Wes Welker
65%
20 Cowboys 13,046 Jason Witten
63%
39 Falcons 10,863 Roddy White
63%
14 Cardinals 13,779 Anquan Boldin
59%
23 Bears 12,351 Brandon Marshall
59%
49 Packers 10,137 Donald Driver
58%
63 Lions 9,174 Herman Moore
55%
58 Cardinals 9,368 Rob Moore
55%
55 Saints 9,759 Marques Colston
52%
62 Broncos 9,245 Emmanuel Sanders
50%
88 Saints 8,506 Jimmy Graham
50%
22 Redskins 12,721 Art Monk
48%
99 Bears 8,172 Jeff Graham
48%
56 Colts 9,691 TY Hilton
48%
40 Redskins 10,856 Gary Clark
44%
71 Dolphins 8,974 Mark Clayton
41%
94 Packers 8,291 Greg Jennings
39%
75 Dolphins 8,869 Mark Duper
39%
47 Chargers 10,266 Lance Alworth
38%
57 Giants 9,497 Amani Toomer
35%
12 Packers 14,004 James Lofton
35%
33 Panthers 11,438 Muhsin Muhammad
35%
93 Jets 8,306 Wesley Walker
35%
82 Raiders 8,685 Cliff Branch
33%
69 Eagles 8,985 Harold Carmichael
33%
31 Jets 11,834 Don Maynard
31%
83 Panthers 8,683 Greg Olsen
31%
89 Giants 8,499 Plaxico Burress
30%
70 Raiders 8,974 Fred Biletnikoff
29%
21 Dolphins 12,785 Irving Fryar
29%
35 Jaguars 11,373 Keenan McCardell
29%
28 Titans 12,061 Derrick Mason
28%
95 Lions 8,278 Golden Tate
28%
80 Steelers 8,723 John Stallworth
28%
61 Colts 9,275 Raymond Berry
27%
65 Redskins 9,110 Charley Taylor
26%
15 Rams 13,777 Henry Ellard
25%
86 Browns 8,565 Paul Warfield
25%
79 Saints 8,744 Joe Horn
24%
41 Patriots 10,716 Stanley Morgan
21%
64 Chargers 9,148 Anthony Miller
19%
26 Chargers 12,146 Charlie Joiner
19%
51 Bills 9,995 Eric Moulds
19%
38 Seahawks 10,950 Joey Galloway
18%
100 Saints 8,161 Eric Martin
16%
98 Titans 8,215 Ernest Givins
14%
81 Lions 8,719 Johnnie Morton
14%
67 Chargers 9,065 Tony Martin
14%
72 Chargers 8,966 Wes Chandler
12%
76 Patriots 8,823 Terry Glenn
10%
84 Redskins 8,609 Laveranues Coles
9%
78 Bucs 8,763 Mark Carrier
8%
77 Falcons 8,809 Terance Mathis
7%
91 Eagles 8,410 Tommy McDonald
7%
97 Bears 8,230 Curtis Conway
5%
92 Chiefs 8,345 Eddie Kennison
5%
90 Packers 8,459 Billy Howton
4%
96 Packers 8,277 Carroll Dale
4%
74 Cardinals 8,878 Ricky Proehl
4%
No matching quizzes found
Score Distribution
Percent of People with Each Score
Percentile by Number Answered
Your Score History
You have not taken this quiz